000 00477nam a2200181Ia 4500
999 _c10982
_d10982
003 OSt
005 20191226150600.0
008 190216s9999||||xx |||||||||||||| ||und||
020 _a9780821368077
040 _coclc
082 _a338.1
_bREP/A
100 _aNull
245 0 _aAgriculture For Development
260 _bThe World Bank,
_c2008.
_aWasington:
300 _a365p
650 _aEconomics
942 _cBK
_2ddc
_h338.1
_iREP/A
_k338.1
_mREP/A